[Event "Cto Aragon Equipos 2016 Pref Gr I"]
[Site "Aragon"]
[Date "2016.04.02"]
[Round "9.32"]
[White "Galvez Longas, Isaac"]
[Black "Santos Morales, Julio Cesar"]
[Result "1/2-1/2"]
[WhiteElo "1715"]
[BlackElo "1851"]
[PlyCount "64"]
[EventDate "2016.??.??"]
[EventType "team-tourn"]
[EventRounds "9"]
[WhiteTeam "Ejea"]
[BlackTeam "Marcos Frechin"]

1. c4 c6 2. Nc3 d5 3. cxd5 cxd5 4. d4 Nc6 5. g3 Nf6 6. Bg5 Bf5 7. Bxf6 gxf6 8.
Bg2 e6 9. a3 Qb6 10. e4 Qxb2 11. Na4 Qxd4 12. exf5 Qe5+ 13. Ne2 Qxf5 14. O-O h5
15. h4 Bd6 16. Nac3 Rc8 17. Rb1 b6 18. Nb5 Bb8 19. Rc1 O-O 20. Nbd4 Nxd4 21.
Nxd4 Qg6 22. Nc6 Bd6 23. Bf3 Qg7 24. Kh2 Bxa3 25. Rc2 Rc7 26. Qd3 Bd6 27. Rfc1
Bc5 28. Nd4 e5 29. Nf5 e4 30. Qxd5 Qh8 31. Bxh5 Re8 32. Ne3 Kg7 1/2-1/2

[Event "Cto Aragon Equipos 2016 Pref Gr I"]
[Site "Aragon"]
[Date "2016.04.02"]
[Round "9.33"]
[White "Hefty, Jorge W"]
[Black "De La Riva Fernandez, Eduardo"]
[Result "1-0"]
[WhiteElo "2352"]
[BlackElo "1922"]
[PlyCount "67"]
[EventDate "2016.??.??"]
[EventType "team-tourn"]
[EventRounds "9"]
[WhiteTeam "IberCaja B"]
[BlackTeam "El Olivar C"]

1. e4 e6 2. d4 d5 3. Nc3 Nf6 4. e5 Nfd7 5. Nf3 c5 6. dxc5 Nc6 7. Bf4 Bxc5 8.
Bd3 f6 9. exf6 Nxf6 10. Qe2 O-O 11. O-O-O Nb4 12. Rhe1 Nxd3+ 13. Rxd3 Bd6 14.
Bxd6 Qxd6 15. Ne5 Nd7 16. f3 Nxe5 17. Qxe5 Qxe5 18. Rxe5 Bd7 19. Ne2 Rf6 20.
Nd4 Kf7 21. g3 Ke7 22. f4 Kd6 23. Kd2 b5 24. Ra3 a5 25. b4 a4 26. Rc3 h6 27. h4
g5 28. hxg5 hxg5 29. Rxg5 Rh6 30. Rc5 Rb8 31. a3 Rh2+ 32. Kc3 Rb7 33. Rg6 Rc7
34. Nf5# 1-0

[Event "Cto Aragon Equipos 2016 Pref Gr I"]
[Site "Aragon"]
[Date "2016.04.02"]
[Round "9.34"]
[White "Hernandez Delgado, Gabriel"]
[Black "Jimenez Fernandez, Alejandro"]
[Result "1/2-1/2"]
[WhiteElo "1905"]
[BlackElo "1984"]
[PlyCount "55"]
[EventDate "2016.??.??"]
[EventType "team-tourn"]
[EventRounds "9"]
[WhiteTeam "El Olivar C"]
[BlackTeam "IberCaja B"]

1. Nf3 f5 2. d3 Nf6 3. e4 d6 4. Nc3 Nc6 5. exf5 Bxf5 6. d4 Nb4 7. Bb5+ c6 8.
Ba4 g6 9. O-O Bg7 10. a3 Nbd5 11. Nxd5 Nxd5 12. Bg5 O-O 13. Re1 h6 14. c4 Nf6
15. Bxf6 Bxf6 16. Bc2 Qd7 17. Bxf5 Qxf5 18. Qe2 Rae8 19. Qe6+ Kg7 20. Qxf5 gxf5
21. Re6 Kf7 22. Re2 Rb8 23. a4 Rg8 24. Ra3 Rg4 25. h3 Re4 26. Rd2 b6 27. Rb3
Rb7 28. Rb4 1/2-1/2

[Event "Cto Aragon Equipos 2016 Pref Gr I"]
[Site "Aragon"]
[Date "2016.04.02"]
[Round "9.35"]
[White "Garcia Monterde, Francisco Jos"]
[Black "Labrador Postigo, Francisco M"]
[Result "1-0"]
[WhiteElo "1949"]
[BlackElo "1893"]
[PlyCount "61"]
[EventDate "2016.??.??"]
[EventType "team-tourn"]
[EventRounds "9"]
[WhiteTeam "IberCaja B"]
[BlackTeam "El Olivar C"]

1. d4 d5 2. Nf3 Bf5 3. e3 e6 4. b3 Bb4+ 5. c3 Bxb1 6. cxb4 Bg6 7. b5 c6 8. Ne5
Ne7 9. Nxg6 hxg6 10. Bd3 cxb5 11. Bxb5+ Nbc6 12. O-O Qd6 13. g3 a6 14. Be2 Kd7
15. Bd2 Rh7 16. Kg2 Rah8 17. Rh1 f5 18. b4 g5 19. a4 f4 20. b5 axb5 21. axb5
Nd8 22. exf4 gxf4 23. Bxf4 Qb6 24. Rc1 Nf5 25. Rc7+ Qxc7 26. Bxc7 Kxc7 27. Qc2+
Kd7 28. Qc5 g5 29. Bg4 Nd6 30. Qxd5 Ke7 31. Qxg5+ 1-0

[Event "Cto Aragon Equipos 2016 Pref Gr I"]
[Site "Aragon"]
[Date "2016.04.02"]
[Round "9.36"]
[White "Sarto Ramos, Angel"]
[Black "Millan Martin, Alfonso"]
[Result "1/2-1/2"]
[WhiteElo "1880"]
[BlackElo "1750"]
[PlyCount "114"]
[EventDate "2016.??.??"]
[EventType "team-tourn"]
[EventRounds "9"]
[WhiteTeam "El Olivar C"]
[BlackTeam "IberCaja B"]

1. g3 e5 2. c4 Nf6 3. Bg2 d5 4. cxd5 Nxd5 5. Nc3 Nb6 6. Nf3 Nc6 7. O-O Be7 8.
d3 O-O 9. a3 Be6 10. b4 a6 11. Bb2 Qd7 12. Ne4 f6 13. Nc5 Bxc5 14. bxc5 Nd5 15.
e4 Nde7 16. d4 exd4 17. Nxd4 Nxd4 18. Qxd4 Rad8 19. Qxd7 Rxd7 20. Rfd1 Rxd1+
21. Rxd1 Nc6 22. Bc3 Rd8 23. Rxd8+ Nxd8 24. Ba5 b6 25. cxb6 cxb6 26. Bxb6 Nf7
27. Bf1 Bc8 28. Bc4 Kf8 29. f4 Ke8 30. Bc5 Nd8 31. Kf2 Ne6 32. Be3 Kd7 33. f5
Nc7 34. Bd4 Kd6 35. a4 Bd7 36. Bb3 Kc6 37. Ke3 Ne8 38. g4 Nd6 39. h4 a5 40. h5
h6 41. e5 fxe5 42. Bxe5 Ne8 43. Bc3 Nf6 44. Bxa5 Nxg4+ 45. Kf4 Nf6 46. Bd1 Be8
47. Bf3+ Kc5 48. Ke5 Bxa4 49. Bd8 Ne8 50. Be7+ Kb6 51. Bd5 Kc7 52. Bf7 Kd7 53.
Bf8 Bd1 54. Bg6 Be2 55. Bf7 Bd1 56. Bxe8+ Kxe8 57. Bxg7 Bxh5 1/2-1/2

[Event "Cto Aragon Equipos 2016 Pref Gr I"]
[Site "Aragon"]
[Date "2016.04.02"]
[Round "9.37"]
[White "Soriano Ascaso, Ignacio"]
[Black "Lacruz Algarate, Alvaro"]
[Result "1-0"]
[WhiteElo "2140"]
[BlackElo "1986"]
[PlyCount "95"]
[EventDate "2016.??.??"]
[EventType "team-tourn"]
[EventRounds "9"]
[WhiteTeam "Sabiñanigo"]
[BlackTeam "Monsalud"]

1. e4 e6 2. Nf3 c5 3. b4 cxb4 4. d4 d5 5. e5 Nc6 6. a3 Qc7 7. axb4 Bxb4+ 8. c3
Be7 9. Bd3 Bd7 10. O-O Rc8 11. Ng5 h6 12. Nh3 a6 13. Qg4 Bf8 14. Ba3 Nge7 15.
Nf4 Rg8 16. Nh5 Kd8 17. Bd6 Qb6 18. Na3 Qb2 19. Rfc1 Qd2 20. Bf1 Qg5 21. Qxg5
hxg5 22. Rcb1 Na5 23. Bb4 Nec6 24. Bxf8 Rxf8 25. Nxg7 f6 26. exf6 Rxf6 27. Nh5
Rf7 28. Nc2 Kc7 29. Ng3 b5 30. Nb4 Kb6 31. Nxa6 Nxd4 32. cxd4 Kxa6 33. Ra2 Kb6
34. Bxb5 Bxb5 35. Rab2 Ka6 36. Rxb5 Rc1+ 37. Rxc1 Kxb5 38. Re1 Rf6 39. Re5 Kc4
40. Rxg5 Kxd4 41. h4 Kc4 42. h5 d4 43. Rxa5 d3 44. Nf1 Kc3 45. g4 Rf4 46. Rg5
Ra4 47. h6 Ra1 48. h7 1-0

[Event "Cto Aragon Equipos 2016 Pref Gr I"]
[Site "Aragon"]
[Date "2016.04.02"]
[Round "9.38"]
[White "Soriano Gracia, Manuel"]
[Black "Ainsa Claver, Ignacio"]
[Result "1/2-1/2"]
[WhiteElo "1856"]
[BlackElo "1954"]
[PlyCount "132"]
[EventDate "2016.??.??"]
[EventType "team-tourn"]
[EventRounds "9"]
[WhiteTeam "Monsalud"]
[BlackTeam "Sabiñanigo"]

1. e4 e6 2. d4 d5 3. exd5 exd5 4. Bd3 Bd6 5. Qf3 Nc6 6. c3 Nge7 7. Bg5 Be6 8.
Ne2 h6 9. Bh4 Qd7 10. Bg3 Bg4 11. Qe3 O-O-O 12. Bxd6 Qxd6 13. O-O Ng6 14. f3
Rhe8 15. Qd2 Bd7 16. Na3 a6 17. Nc2 Re7 18. b4 Na7 19. a4 Kb8 20. Rfb1 h5 21.
Qg5 Rde8 22. Re1 h4 23. Bxg6 Qxg6 24. Qxg6 fxg6 25. Nf4 Rxe1+ 26. Rxe1 Rxe1+
27. Nxe1 g5 28. Nxd5 Bxa4 29. Nd3 Bb3 30. Ne3 Nb5 31. Nc1 Ba4 32. Ne2 Nd6 33.
c4 Bb3 34. c5 Nb5 35. Kf2 b6 36. Ke1 a5 37. bxa5 bxa5 38. Kd2 c6 39. Kc1 Kb7
40. Kb2 Be6 41. Nc2 Ka6 42. Nc3 Nxc3 43. Kxc3 Kb5 44. Na3+ Ka4 45. Nc4 Kb5 46.
Nd6+ Ka4 47. Ne8 g6 48. Nd6 Ka3 49. Nc4+ Ka4 50. Ne5 Kb5 51. Nxg6 a4 52. Ne5 a3
53. g3 hxg3 54. hxg3 a2 55. Kb2 Bd5 56. f4 gxf4 57. gxf4 Be6 58. Ka1 Kb4 59.
Nxc6+ Kc3 60. Ne7 Kxd4 61. c6 Kc5 62. c7 Kd6 63. c8=Q Bxc8 64. Nxc8+ Ke6 65.
Nb6 Kf5 66. Nd5 Ke4 1/2-1/2

[Event "Cto Aragon Equipos 2016 Pref Gr I"]
[Site "Aragon"]
[Date "2016.04.02"]
[Round "9.39"]
[White "Avellanas Tomas, Jose"]
[Black "Miranda Herrera, Jorge Manuel"]
[Result "1-0"]
[WhiteElo "1945"]
[BlackElo "1656"]
[PlyCount "95"]
[EventDate "2016.??.??"]
[EventType "team-tourn"]
[EventRounds "9"]
[WhiteTeam "Sabiñanigo"]
[BlackTeam "Monsalud"]

1. d4 d5 2. Nf3 Nf6 3. e3 g6 4. Bd3 Bg7 5. O-O O-O 6. b3 b6 7. Bb2 Ba6 8. Bxa6
Nxa6 9. c4 c6 10. Ne5 Rc8 11. Qe2 Nb8 12. Nc3 e6 13. Rfd1 Nbd7 14. Rac1 Qe7 15.
Rc2 Rc7 16. e4 Nxe4 17. Nxe4 dxe4 18. Qxe4 Nxe5 19. dxe5 Rd8 20. Rcd2 Rcd7 21.
Qe2 Rxd2 22. Rxd2 Qc7 23. f4 Bf8 24. Qd1 Rxd2 25. Qxd2 b5 26. g3 Bc5+ 27. Kg2
bxc4 28. bxc4 Kf8 29. Bc3 Ke8 30. Bb4 Bxb4 31. Qxb4 c5 32. Qb5+ Ke7 33. a4 Qb6
34. Kf3 Qxb5 35. cxb5 Kd7 36. a5 Kc7 37. Ke4 Kb7 38. Kd3 a6 39. Kc4 axb5+ 40.
Kxb5 c4 41. Kxc4 Kc6 42. Kb4 h6 43. Kc4 h5 44. Kb4 Kd7 45. Kb5 Kc7 46. Kc5 Kd7
47. Kb6 Kc8 48. Kc6 1-0

[Event "Cto Aragon Equipos 2016 Pref Gr I"]
[Site "Aragon"]
[Date "2016.04.02"]
[Round "9.40"]
[White "Urriolabeitia Rodrigo, Ander"]
[Black "Climente Martinez, Jose Luis"]
[Result "0-1"]
[WhiteElo "1591"]
[BlackElo "1924"]
[PlyCount "74"]
[EventDate "2016.??.??"]
[EventType "team-tourn"]
[EventRounds "9"]
[WhiteTeam "Monsalud"]
[BlackTeam "Sabiñanigo"]

1. e4 b6 2. Nc3 Bb7 3. Bc4 e6 4. Nf3 d5 5. exd5 exd5 6. Be2 d4 7. Nb5 Nc6 8.
Bc4 Be7 9. O-O Nf6 10. d3 a6 11. Na3 b5 12. Bb3 O-O 13. Re1 Qd6 14. Bd2 Ng4 15.
h3 Nge5 16. Bf4 Bf6 17. c4 dxc3 18. bxc3 Nxf3+ 19. Qxf3 Qxa3 20. d4 Na5 21. Qg3
Nxb3 22. axb3 Qxb3 23. Be5 Bxe5 24. Rxe5 b4 25. Rc1 Rfe8 26. Rg5 g6 27. Qxc7
bxc3 28. Rxc3 Re1+ 29. Kh2 Qb1 30. Qf4 Rh1+ 31. Kg3 Qg1 32. Qf6 Qxg2+ 33. Kh4
Qe4+ 34. Rg4 Qd5 35. Rc7 Qh5+ 36. Kg3 Rxh3+ 37. Kf4 Rf3# 0-1

[Event "Cto Aragon Equipos 2016 Pref Gr I"]
[Site "Aragon"]
[Date "2016.04.02"]
[Round "9.41"]
[White "Cifuentes Parada, Roberto"]
[Black "Palacios Herrero, Pablo"]
[Result "1-0"]
[WhiteElo "2469"]
[BlackElo "2149"]
[PlyCount "71"]
[EventDate "2016.??.??"]
[EventType "team-tourn"]
[EventRounds "9"]
[WhiteTeam "Jaque"]
[BlackTeam "Palacio de Pioneros A"]

1. d4 f5 2. Bg5 g6 3. Nc3 Bg7 4. e4 fxe4 5. Nxe4 d5 6. Ng3 Nc6 7. c3 Qd6 8. Qd2
Bg4 9. h3 Be6 10. O-O-O O-O-O 11. Nf3 Nf6 12. Bf4 Qd7 13. Bb5 Ne4 14. Qe3 Nd6
15. Bxc6 bxc6 16. Rhe1 Ne4 17. Ng5 h6 18. N5xe4 dxe4 19. Nxe4 Bxa2 20. Nc5 Qf5
21. Qe4 Rhf8 22. Bg3 e5 23. Qxf5+ Rxf5 24. dxe5 Bd5 25. f3 Re8 26. Rd2 h5 27.
Kc2 Bf8 28. Nd3 Bh6 29. Rde2 g5 30. b3 Bg8 31. Bf2 Kb8 32. Ra1 Rd8 33. Bxa7+
Kc8 34. Bd4 Kb8 35. Ra4 Rff8 36. e6 1-0

[Event "Cto Aragon Equipos 2016 Pref Gr I"]
[Site "Aragon"]
[Date "2016.04.02"]
[Round "9.42"]
[White "Romero Pallares, Daniel"]
[Black "Gonzalez Gambau, Jorge"]
[Result "1-0"]
[WhiteElo "2135"]
[BlackElo "2126"]
[PlyCount "137"]
[EventDate "2016.??.??"]
[EventType "team-tourn"]
[EventRounds "9"]
[WhiteTeam "Palacio de Pioneros A"]
[BlackTeam "Jaque"]

1. e4 c6 2. d3 d5 3. Nd2 e5 4. Ngf3 Bd6 5. d4 exd4 6. Bd3 Bg4 7. O-O Ne7 8. Re1
Nd7 9. exd5 cxd5 10. Nb3 Nf6 11. Bb5+ Bd7 12. Nbxd4 O-O 13. Qd3 a6 14. Bxd7
Qxd7 15. Bd2 Ne4 16. Ng5 Nxg5 17. Bxg5 Rfe8 18. Rad1 h6 19. Bxe7 Bxe7 20. c3
Bf6 21. Nf5 Rad8 22. h3 Qc6 23. Qg3 Kf8 24. Qf4 Rxe1+ 25. Rxe1 Qc4 26. Qe3 Qxa2
27. Qb6 d4 28. Nd6 Qa4 29. Qc7 Rxd6 30. Qxd6+ Kg8 31. cxd4 Qxd4 32. Qb8+ Kh7
33. Qxb7 Qxb2 34. Qxf7 a5 35. Qd5 Qc3 36. Qf5+ g6 37. Qd7+ Bg7 38. Re3 Qa1+ 39.
Kh2 a4 40. Re8 h5 41. g4 Qb2 42. Qf7 h4 43. Re6 Qc2 44. Re7 Qb2 45. Re6 Qc2 46.
g5 Qf5 47. Qxf5 gxf5 48. Ra6 a3 49. Rxa3 Be5+ 50. Kg2 Kg6 51. Kf3 Kxg5 52. Ra4
Bd6 53. Ke3 Bc5+ 54. Ke2 Bd6 55. Kd3 Bc7 56. Rc4 Be5 57. Kc2 Bd6 58. Kc3 Be5+
59. Kb4 Bb8 60. Kb5 Be5 61. Kc6 Bb8 62. Kd5 Bh2 63. Ke6 f4 64. f3 Bg3 65. Kf7
Be1 66. Rc5+ Kh6 67. Rb5 Bd2 68. Kf6 Be3 69. Kf5 1-0

[Event "Cto Aragon Equipos 2016 Pref Gr I"]
[Site "Aragon"]
[Date "2016.04.02"]
[Round "9.44"]
[White "Baquedano Coarasa, Pablo"]
[Black "Perez Puyal, Jose Joaquin"]
[Result "1-0"]
[WhiteElo "2031"]
[BlackElo "1855"]
[PlyCount "53"]
[EventDate "2016.??.??"]
[EventType "team-tourn"]
[EventRounds "9"]
[WhiteTeam "Palacio de Pioneros A"]
[BlackTeam "Jaque"]

1. d4 d5 2. c4 c6 3. Nf3 Nf6 4. Qb3 dxc4 5. Qxc4 Qd5 6. Qa4 e6 7. Nc3 Qd8 8. e4
Be7 9. Bd3 O-O 10. O-O c5 11. Rd1 cxd4 12. Nxd4 Qb6 13. Nf3 Nc6 14. e5 Nd7 15.
Qe4 f5 16. exf6 Nxf6 17. Qe2 Nb4 18. Bc4 Rd8 19. Rxd8+ Bxd8 20. Ng5 Bc7 21. a3
Qd6 22. g3 Nbd5 23. Nxd5 Nxd5 24. Qh5 Nf6 25. Qf7+ Kh8 26. Bf4 e5 27. Qg8+ 1-0

[Event "Cto Aragon Equipos 2016 Pref Gr I"]
[Site "Aragon"]
[Date "2016.04.02"]
[Round "9.45"]
[White "Jaques Burguete, Raul"]
[Black "Fernandez Rubio, Rafael"]
[Result "1/2-1/2"]
[WhiteElo "2011"]
[BlackElo "2042"]
[PlyCount "60"]
[EventDate "2016.??.??"]
[EventType "team-tourn"]
[EventRounds "9"]
[WhiteTeam "St. Casablanca D"]
[BlackTeam "Tauste"]

1. e4 d6 2. d4 Nf6 3. Bd3 e5 4. c3 Nc6 5. Ne2 d5 6. exd5 Qxd5 7. O-O e4 8. Nf4
Qd6 9. Re1 Bf5 10. f3 O-O-O 11. fxe4 g5 12. e5 Qd7 13. Bxf5 Qxf5 14. Nh3 Nxe5
15. Rf1 Qg6 16. Bxg5 Be7 17. Qe2 Nc6 18. Qf3 Rhg8 19. Qf5+ Kb8 20. Qxg6 Rxg6
21. Bxf6 Bxf6 22. Nf4 Rg4 23. h3 Rh4 24. Ne6 fxe6 25. Rxf6 e5 26. dxe5 Nxe5 27.
Na3 Re4 28. Raf1 Re2 29. R1f2 Re1+ 30. Rf1 Re2 1/2-1/2

[Event "Cto Aragon Equipos 2016 Pref Gr I"]
[Site "Aragon"]
[Date "2016.04.02"]
[Round "9.46"]
[White "Sancho Casale, Jesus"]
[Black "Antonano Fedz-Quincoces, Aveli"]
[Result "1-0"]
[WhiteElo "1997"]
[BlackElo "2006"]
[PlyCount "89"]
[EventDate "2016.??.??"]
[EventType "team-tourn"]
[EventRounds "9"]
[WhiteTeam "Tauste"]
[BlackTeam "St. Casablanca D"]

1. d4 g6 2. c4 Bg7 3. Nf3 c5 4. d5 b5 5. cxb5 a6 6. bxa6 Bxa6 7. Nc3 Nf6 8. e4
Bxf1 9. Kxf1 O-O 10. g3 d6 11. Kg2 Nbd7 12. a4 Qb6 13. Qc2 Rfb8 14. Ra3 Ne8 15.
b3 Nc7 16. Nd2 Na6 17. Nc4 Qd8 18. Nb5 Nb4 19. Qe2 Ne5 20. Nxe5 Bxe5 21. Bb2
Bxb2 22. Qxb2 Nd3 23. Qe2 Rxb5 24. Qxd3 Rb4 25. Rc1 Qa5 26. Rc4 Qa6 27. Kf3
Rab8 28. Ke3 Qb7 29. Kd2 f5 30. exf5 Rxb3 31. Rxb3 Qxb3 32. Qxb3 Rxb3 33. Kc2
Rb8 34. fxg6 hxg6 35. a5 Ra8 36. Ra4 Kf7 37. Kc3 e6 38. Kc4 Ke7 39. a6 exd5+
40. Kxd5 Kd7 41. a7 Kc7 42. h4 Kb6 43. Ra2 Rxa7 44. Rxa7 Kxa7 45. g4 1-0

[Event "Cto Aragon Equipos 2016 Pref Gr I"]
[Site "Aragon"]
[Date "2016.04.02"]
[Round "9.47"]
[White "Alvarez Gonzalo, Miguel Angel"]
[Black "Bogomilov Georgiev, Georgi Ii"]
[Result "1/2-1/2"]
[WhiteElo "1896"]
[BlackElo "1953"]
[PlyCount "85"]
[EventDate "2016.??.??"]
[EventType "team-tourn"]
[EventRounds "9"]
[WhiteTeam "St. Casablanca D"]
[BlackTeam "Tauste"]

1. c4 e5 2. g3 Nc6 3. Bg2 Nf6 4. Nc3 Bb4 5. Nd5 Nxd5 6. cxd5 Ne7 7. a3 Bc5 8.
e3 d6 9. Ne2 Bg4 10. Qa4+ Qd7 11. Qxd7+ Kxd7 12. Nc3 h5 13. b4 Bb6 14. Na4 h4
15. h3 Bh5 16. g4 Bg6 17. Nxb6+ cxb6 18. e4 Rac8 19. Bb2 Rc4 20. f3 Rhc8 21.
Bf1 R4c7 22. Bb5+ Kd8 23. O-O f6 24. Rfc1 Be8 25. Rxc7 Rxc7 26. Bf1 Ng6 27. a4
Nf4 28. Bc3 g5 29. b5 Ng6 30. a5 bxa5 31. Bxa5 b6 32. Bb4 Ke7 33. Kf2 Nf8 34.
Ke3 Nd7 35. Be2 Nc5 36. Ra3 Nd7 37. d4 Nf8 38. dxe5 fxe5 39. Bd2 Nd7 40. Kf2
Kf6 41. Bd3 Nc5 42. Be2 Bd7 43. Bb4 1/2-1/2

[Event "Cto Aragon Equipos 2016 Pref Gr II"]
[Site "Aragon"]
[Date "2016.04.02"]
[Round "9.49"]
[White "Fabre Perez, Jose Maria"]
[Black "Maza Broto, Pablo"]
[Result "1/2-1/2"]
[WhiteElo "2057"]
[BlackElo "2082"]
[PlyCount "49"]
[EventDate "2016.01.30"]
[WhiteTeam "Marcos Frechin B"]
[BlackTeam "Jaime Casas B"]

1. e4 e6 2. d4 d5 3. Nd2 Nf6 4. e5 Nfd7 5. Bd3 c5 6. c3 Nc6 7. Ndf3 g6 8. Ne2
Bg7 9. O-O cxd4 10. cxd4 O-O 11. a3 f6 12. Nf4 Ndxe5 13. dxe5 fxe5 14. Nxg6
hxg6 15. Bxg6 Qf6 16. Bh5 e4 17. Ng5 Ne5 18. Nh3 Bd7 19. Bg5 Qf5 20. Be7 Nf3+
21. Bxf3 exf3 22. Bxf8 Rxf8 23. Qxf3 Qxf3 24. gxf3 Rxf3 25. Kg2 1/2-1/2

[Event "Cto Aragon Equipos 2016 Pref Gr II"]
[Site "Aragon"]
[Date "2016.04.02"]
[Round "9.50"]
[White "Rodriguez Leiva, Manuel"]
[Black "Sancho Cortes, Miguel Angel"]
[Result "1/2-1/2"]
[WhiteElo "1937"]
[BlackElo "2043"]
[PlyCount "70"]
[EventDate "2016.01.30"]
[WhiteTeam "Jaime Casas B"]
[BlackTeam "Marcos Frechin B"]

1. c4 d6 2. Nc3 f5 3. d4 Nf6 4. Nf3 g6 5. g3 Bg7 6. Bg2 c6 7. O-O O-O 8. b3 Qa5
9. Bb2 e5 10. dxe5 dxe5 11. Qc2 Na6 12. a3 Be6 13. b4 Qc7 14. Nd2 e4 15. e3 Qf7
16. Ne2 c5 17. b5 Nc7 18. Nf4 Rfd8 19. Rfd1 Rd7 20. Bf1 g5 21. Nxe6 Nxe6 22.
Nb3 Rad8 23. a4 Ng4 24. Bxg7 Qxg7 25. Rxd7 Rxd7 26. Rd1 Ne5 27. Be2 b6 28. Rd5
Nc7 29. Rxd7 Qxd7 30. Qd2 Qxd2 31. Nxd2 Ne8 32. f4 exf3 33. Bxf3 Nd6 34. Bd5+
Kg7 35. Kg2 Kf6 1/2-1/2

[Event "Cto Aragon Equipos 2016 Pref Gr II"]
[Site "Aragon"]
[Date "2016.04.02"]
[Round "9.51"]
[White "Gaspar Calvo, Luis Alberto"]
[Black "Buil Rello, Jose Antonio"]
[Result "1-0"]
[WhiteElo "1930"]
[BlackElo "1879"]
[PlyCount "99"]
[EventDate "2016.01.30"]
[WhiteTeam "Marcos Frechin B"]
[BlackTeam "Jaime Casas B"]

1. e4 c5 2. Nf3 e6 3. d4 Qc7 4. c3 a6 5. Bd3 b6 6. O-O g6 7. Re1 d6 8. Bf4 Nd7
9. e5 d5 10. Nbd2 c4 11. Bc2 b5 12. Nf1 a5 13. a3 a4 14. h4 h5 15. Ng5 Nb6 16.
Qf3 Bh6 17. Nh2 Qe7 18. Qg3 Bxg5 19. Bxg5 Qf8 20. Re3 Qg7 21. Rae1 Kd7 22. f4
Kc6 23. Qf2 Bd7 24. Nf3 Be8 25. R1e2 Nd7 26. Qg3 Nh6 27. Bxh6 Qxh6 28. Ng5 Qg7
29. Qh3 Nf8 30. Kf1 Bd7 31. Ne4 Rd8 32. Nd6 Nh7 33. g4 f5 34. gxf5 gxf5 35. Rg3
Qf8 36. Reg2 Be8 37. Nxe8 Qxe8 38. Rg7 Rd7 39. Qg3 Rf8 40. Bd1 Rxg7 41. Qxg7
Qf7 42. Qxf7 Rxf7 43. Bxh5 Re7 44. Rg8 Kc7 45. Kg2 Kb7 46. Kh3 Kc7 47. Re8 Kd7
48. Rxe7+ Kxe7 49. Bg6 Nf8 50. h5 1-0

[Event "Cto Aragon Equipos 2016 Pref Gr II"]
[Site "Aragon"]
[Date "2016.04.02"]
[Round "9.52"]
[White "Olivan Alvira, Alejandro"]
[Black "Ruiperez Gumiel, Ramon"]
[Result "1/2-1/2"]
[WhiteElo "1529"]
[BlackElo "1872"]
[PlyCount "56"]
[EventDate "2016.01.30"]
[WhiteTeam "Jaime Casas B"]
[BlackTeam "Marcos Frechin B"]

1. c4 g6 2. Nc3 Bg7 3. e4 f6 4. d4 Nh6 5. f3 Nf7 6. Be3 O-O 7. Qd2 e5 8. d5 d6
9. O-O-O f5 10. g3 Nd7 11. h4 Nf6 12. Bd3 Nh5 13. Qg2 Nxg3 14. Rh3 f4 15. Bf2
Bxh3 16. Qxh3 Nh5 17. Nge2 a6 18. Na4 Qe7 19. b3 Rfd8 20. Rg1 Qd7 21. Qxd7 Rxd7
22. Kd2 Bf6 23. Rh1 Kf8 24. b4 Ke7 25. Rh3 a5 26. b5 b6 27. Ng1 Rh8 28. Bf1
Rdd8 1/2-1/2

[Event "Cto Aragon Equipos 2016 Pref Gr II"]
[Site "Aragon"]
[Date "2016.04.02"]
[Round "9.54"]
[White "Moreno Gracia, David"]
[Black "Aviol Perez, Jose Mariano"]
[Result "1-0"]
[WhiteElo "1937"]
[BlackElo "1821"]
[PlyCount "69"]
[EventDate "2016.01.30"]
[WhiteTeam "L'Aurora Estadilla B"]
[BlackTeam "Actur Rey Fernando"]

1. Nf3 d5 2. g3 Nf6 3. Bg2 Nc6 4. d4 Bf5 5. O-O Ne4 6. c3 e6 7. Nbd2 Be7 8. Ne5
Nxe5 9. dxe5 Nxd2 10. Bxd2 c6 11. Qa4 Bc5 12. c4 O-O 13. cxd5 exd5 14. Rac1 Bb6
15. Qf4 Qd7 16. Rfd1 f6 17. exf6 Rxf6 18. Bc3 Rf7 19. Qd2 Bg4 20. Rf1 d4 21.
Bb4 Re8 22. Rfe1 Qf5 23. f3 d3+ 24. Kh1 Bh3 25. Qxd3 Bxg2+ 26. Kxg2 Qe6 27. Rc4
Rd7 28. Re4 Qf7 29. Rxe8+ Qxe8 30. Qc4+ Kh8 31. e4 h6 32. Bc3 Qd8 33. Qe6 Rd1
34. Qxh6+ Kg8 35. Qxg7# 1-0

[Event "Cto Aragon Equipos 2016 Pref Gr II"]
[Site "Aragon"]
[Date "2016.04.02"]
[Round "9.55"]
[White "Arbiol Val, Sergio"]
[Black "Puertolas Serena, Arturo"]
[Result "0-1"]
[WhiteElo "1552"]
[BlackElo "1846"]
[PlyCount "98"]
[EventDate "2016.01.30"]
[WhiteTeam "Actur Rey Fernando"]
[BlackTeam "L'Aurora Estadilla B"]

1. e4 e6 2. d4 d5 3. exd5 exd5 4. Nf3 Bd6 5. Bd3 Ne7 6. O-O Bf5 7. Re1 Bxd3 8.
Qxd3 O-O 9. Nc3 c6 10. Ne2 Qc7 11. Ng3 Na6 12. Bd2 Rfe8 13. Rac1 Ng6 14. c4
dxc4 15. Rxc4 Bf4 16. Rec1 Bxd2 17. Qxd2 Qd7 18. Nf1 Nc7 19. b4 Nd5 20. a4 Ngf4
21. Ne5 Qe6 22. b5 cxb5 23. axb5 f6 24. Nd3 Ne2+ 25. Kh1 Nxc1 26. Qxc1 Qe2 27.
Nc5 Qxf2 28. Rc2 Qh4 29. Ng3 Re3 30. Nce4 Re8 31. Rc8 R3xe4 32. Nxe4 Qxe4 33.
h3 h6 34. Qc4 Rxc8 35. Qxc8+ Kh7 36. Qxb7 Qxd4 37. Qd7 Qa1+ 38. Kh2 Qe5+ 39.
Kg1 Nf4 40. Qxa7 Qxb5 41. Qe3 Qg5 42. Qf3 Ng6 43. g3 Ne5 44. Qe4+ Qg6 45. Qf4
Qb1+ 46. Kg2 Qc2+ 47. Kg1 Qd1+ 48. Kg2 Qe2+ 49. Kg1 Nf3+ 0-1

[Event "Cto Aragon Equipos 2016 Pref Gr II"]
[Site "Aragon"]
[Date "2016.04.02"]
[Round "9.56"]
[White "Rodriguez Avellanas, Jose Manu"]
[Black "Sanchez Gascon, Ricardo"]
[Result "0-1"]
[WhiteElo "1784"]
[BlackElo "1442"]
[PlyCount "60"]
[EventDate "2016.01.30"]
[WhiteTeam "L'Aurora Estadilla B"]
[BlackTeam "Actur Rey Fernando"]

1. c4 g6 2. Nc3 Bg7 3. g3 d6 4. Bg2 e5 5. d3 f5 6. e3 Nc6 7. Nge2 Nf6 8. O-O
O-O 9. a3 Qe8 10. Rb1 Nh5 11. Nd5 Qf7 12. f4 Nd8 13. Qc2 Ne6 14. b4 c6 15. Ndc3
g5 16. fxg5 Nxg5 17. e4 f4 18. Nxf4 exf4 19. Bxf4 Bd4+ 20. Kh1 Nxf4 21. Rxf4
Qg7 22. Rxf8+ Kxf8 23. Rf1+ Kg8 24. Ne2 Be3 25. Nf4 Bg4 26. c5 Qd4 27. cxd6 Rd8
28. Qb3+ Kh8 29. h4 Bxf4 30. hxg5 Bxd6 0-1

[Event "Cto Aragon Equipos 2016 Pref Gr II"]
[Site "Aragon"]
[Date "2016.04.02"]
[Round "9.57"]
[White "Malo Guillen, Jose Luis"]
[Black "Neila Castillo, Miguel Angel"]
[Result "1/2-1/2"]
[WhiteElo "2148"]
[BlackElo "2090"]
[PlyCount "24"]
[EventDate "2016.01.30"]
[WhiteTeam "Las Fuentes"]
[BlackTeam "Delicias B"]

1. d4 Nf6 2. Nf3 c5 3. g3 cxd4 4. Nxd4 e5 5. Nb3 d5 6. Bg2 h6 7. O-O Nc6 8. Nc3
Be6 9. Na4 Qc8 10. Nac5 Bxc5 11. Nxc5 O-O 12. Nxe6 Qxe6 1/2-1/2

[Event "Cto Aragon Equipos 2016 Pref Gr II"]
[Site "Aragon"]
[Date "2016.04.02"]
[Round "9.58"]
[White "Campo Millan, Diego"]
[Black "Alonso Blasco, Jose Miguel"]
[Result "1/2-1/2"]
[WhiteElo "2062"]
[BlackElo "2064"]
[PlyCount "30"]
[EventDate "2016.01.30"]
[WhiteTeam "Delicias B"]
[BlackTeam "Las Fuentes"]

1. e4 c6 2. d4 d5 3. Nc3 dxe4 4. Nxe4 Nf6 5. Nxf6+ gxf6 6. Nf3 Bf5 7. Bd3 Bg6
8. Bf4 e6 9. O-O Bd6 10. Bxd6 Qxd6 11. Re1 Nd7 12. Qe2 O-O-O 13. Rad1 Kb8 14.
c4 c5 15. dxc5 Qxc5 1/2-1/2